000 01159nam a22002297a 4500
008 100603s2010 enk|||||r|||| 001 0 eng d
020 _a9780521133289
082 _222
_a325.346098
_bMAH
245 _aColonialism and Postcolonial Development :
_bSpanish America in Comparative Perspective /
_cJames Mahoney
260 _aCambridge :
_bCambridge University Press, 2010.
_c2010
300 _a400 p. :
_bill. ;
_c24 cm.
490 _aCambridge Studies in Comparative Politics
_914544
504 _a Includes bibliographical references (p. 357-382) and index
650 _914540
_aPostcolonialism
_zLatin America
650 _914541
_aComparative government
_zLatin America
651 _914538
_aSpain
_v
_xColonies
_zAmerica
_xAdministration
651 _914539
_aLatin America
_v
_xColonization
651 _914542
_aLatin America
_v
_xForeign relations
_zSpain
651 _914543
_aSpain
_v
_xForeign relations
_zLatin America
942 _2ddc
_cBB
999 _c14051
_d14051